| 000 | 00798nam a2200253Ia 4500 | ||
|---|---|---|---|
| 999 |
_c56480 _d56480 |
||
| 001 | 23593 | ||
| 003 | GE_BSU | ||
| 005 | 20221111162953.0 | ||
| 008 | 181216s2014||||en |||||||||||||| ||eng|| | ||
| 020 | _a9781592538584x | ||
| 040 | _cGE_BSU | ||
| 041 | _aeng | ||
| 080 | _a72 S-61 | ||
| 100 |
_aSimitch, Andrea. _94577 |
||
| 245 | 4 |
_aThe Language of Architecture: 26 Principles Every Architect Should Know / _cAndrea Simitch ; Val Warke . |
|
| 260 | _aBeverly : | ||
| 264 |
_aBeverly : _bRockport Publishers, _c2014. |
||
| 300 |
_a223 p.: _bill ; _c 25 cm. |
||
| 653 | _aThe Language of Architecture: 26 Principles Every Architect Should Know | ||
| 653 | _aАрхитектура | ||
| 653 | _aარქიტექტურა | ||
| 700 |
_aWarke, Val _94578 |
||
| 942 |
_cBK _2udc |
||